Statistiques concernant Intercommunalités de Haute-Corse

Cliquez ici pour prendre le quiz!

Statistiques générales

  • Ce quiz a été pris 16 fois
  • Le résultat moyen est 7 sur 12

Statistiques - réponses

Nombres de communesIntercommunalités% Correct
05Communauté d'agglomération de Bastia
93%
14Communauté de communes de Calvi Balagne
86%
22Communauté de communes de l'Île-Rousse - Balagne
86%
10Communauté de communes du Centre Corse
86%
18Communauté de communes du Cap Corse
71%
42Communauté de communes de la Castagniccia-Casinca
50%
22Communauté de communes de l'Oriente
50%
15Communauté de communes Nebbiu - Conca d'Oro
50%
13Communauté de communes de Fium'orbu Castellu
43%
23Communauté de communes de la Costa Verde
21%
10Communauté de communes de Marana-Golo
14%
42Communauté de communes Pasquale Paoli
14%

Distribution des résultats

Percentile par nombre de réponses

% des personnes avec chaque résultat

Votre développement - résultats

Vous n’avez pas pris ce quiz